000 01005njm a22002777a 4500
005 2010092003093.0
006 a|||||r|||||00| 0
007 sd ammalaaahaa
008 100913t xxu||||| |||| 00| 0 hin d
028 _aPMLP.1039
_bHis Master'sVoice
035 _aGR-03934
040 _aSED/VEN
100 _aMohamed Rafi
_91184
245 _aChaudhvin ka chand Part 1 Part 2 /
_cby Mohamed Rafi
_h[sound recording] :
246 _aचौदहवीं का चाँद (मोहमद रफ़ी )
260 _aDum Dum India
_bHis Master's Voice
_c1985
300 _a1 sound disc [Gramophone record] :
_banalog, 33 1/3 rpm
_c12.5 in. (LP)
_fGramophone Record
500 _aBrief Record
500 _aRecord label :His Master's Voice, Orang
505 _a Part 1 Mohabbat choome jinke hath Side 2 Chaudhvin ka chand ( Mohamed Rafi)
600 _aMangeskar, lata
_919992
650 _aFilm Music
_xExcerpts
_zIndia
_920525
650 _920526
700 _920834
942 _2ddc
_cGR
999 _c47115
_d47115